[Event "Wch Seniors 15th"]
[Site "Lignano Sabbiadoro"]
[Date "2005.10.04"]
[Round "7"]
[White "Asmundsson, Ingvar"]
[Black "Titz, Heimo"]
[Result "1/2-1/2"]
[WhiteElo "2299"]
[BlackElo "2184"]
[PlyCount "110"]
[EventDate "2005.09.28"]
[EventType "swiss"]
[EventRounds "11"]
[EventCountry "ITA"]
[SourceTitle "CBM 108 Extra"]
[Source "ChessBase"]
[SourceDate "2005.11.04"]
[SourceVersion "1"]
[SourceVersionDate "2005.11.04"]
[SourceQuality "1"]

1. e4 c5 2. Nf3 Nc6 3. Bb5 g6 4. 0-0 Bg7 5. c3 Nf6 6. Qe2 a6 7. Bxc6 dxc6 8. h3 0-0 9. d3 b6 10. Na3 Ne8 11. Nh2 a5 12. Be3 Ba6 13. Rad1 Ra7 14. Rd2 Rd7 15. Rfd1 e5 16. f4 Nf6 17. Nc4 exf4 18. Bxf4 Nh5 19. Qe3 Nxf4 20. Qxf4 b5 21. Ne3 b4 22. c4 Qe7 23. Nf3 Re8 24. Ng4 f6 25. Re1 h5 26. Nf2 Kh7 27. Rde2 Bh6 28. Qg3 Bc8 29. Qb8 Rb7 30. Qg3 Be6 31. b3 Qd8 32. e5 f5 33. h4 Rd7 34. Ng5+ Bxg5 35. Qxg5 Qxg5 36. hxg5 Kg7 37. g3 Kf7 38. Kg2 Ra8 39. a4 Rd4 40. Rh1 Rad8 41. Kf3 Ke7 42. Ree1 Rf8 43. Rh4 Rxh4 44. gxh4 Rd8 45. Nh3 Rxd3+ 46. Re3 Rd1 47. Nf4 Bf7 48. Nd3 Rh1 49. Nxc5 Rxh4 50. Rd3 Be8 51. Rd6 Rg4 52. Re6+ Kd8 53. Rd6+ Ke7 54. Re6+ Kd8 55. Rd6+ Ke7 1/2-1/2

[Event "ISL-ch"]
[Site "Reykjavik"]
[Date "2005.08.19"]
[Round "9"]
[White "Asmundsson, Ingvar"]
[Black "Sigfusson, Sigurdur Dadi"]
[Result "0-1"]
[WhiteElo "2299"]
[BlackElo "2344"]
[PlyCount "96"]
[EventDate "2005.08.11"]
[EventType "tourn"]
[EventRounds "11"]
[EventCountry "ISL"]
[EventCategory "3"]
[SourceTitle "CBM 107 Extra"]
[Source "ChessBase"]
[SourceDate "2005.09.01"]
[SourceVersion "1"]
[SourceVersionDate "2005.09.01"]
[SourceQuality "1"]

1. f4 c5 2. b3 d5 3. e3 Nc6 4. Nf3 Nf6 5. Bb2 e6 6. Bb5 Bd6 7. Bxc6+ bxc6 8. 0-0 Qc7 9. d3 Ng4 10. Qe2 0-0 11. Nbd2 f6 12. Rae1 Bd7 13. Nh4 f5 14. Nhf3 Be8 15. h3 Nf6 16. Ne5 Nd7 17. Nxd7 Qxd7 18. Qf2 Bh5 19. Qh4 Qf7 20. Nf3 Bxf3 21. Rxf3 Rae8 22. Qf2 Qc7 23. Qd2 e5 24. fxe5 Bxe5 25. Ba3 Bd6 26. Ref1 Qe7 27. Qf2 Qe5 28. g3 Rf6 29. Kg2 Ref8 30. c4 dxc4 31. bxc4 Rb8 32. Rc1 Rg6 33. Rc2 Bc7 34. Bb2 Qd6 35. Rd2 h5 36. h4 Ba5 37. Rd1 Bc7 38. Bc3 Rg4 39. Be1 Qf6 40. Kh3 Rb2 41. Rd2 Rb1 42. Re2 Qg6 43. Rb2 Rxh4+ 44. Kg2 Qg4 45. Rxf5 Qh3+ 46. Kf3 Qxf5+ 47. Kg2 Qh3+ 48. Kf3 Qh1+ 0-1

[Event "ISL-ch"]
[Site "Reykjavik"]
[Date "2005.08.14"]
[Round "4"]
[White "Thorfinnsson, Bjorn"]
[Black "Asmundsson, Ingvar"]
[Result "1-0"]
[WhiteElo "2328"]
[BlackElo "2299"]
[PlyCount "51"]
[EventDate "2005.08.11"]
[EventType "tourn"]
[EventRounds "11"]
[EventCountry "ISL"]
[EventCategory "3"]
[SourceTitle "CBM 107 Extra"]
[Source "ChessBase"]
[SourceDate "2005.09.01"]
[SourceVersion "1"]
[SourceVersionDate "2005.09.01"]
[SourceQuality "1"]

1. d4 d5 2. c4 c6 3. Nf3 Nf6 4. Nc3 dxc4 5. a4 c5 6. d5 Bf5 7. a5 Ne4 8. Nd2 Nxc3 9. bxc3 Qxd5 10. e4 Bxe4 11. Bxc4 Qc6 12. Qe2 Bxg2 13. Bb5 Bxh1 14. f3 g6 15. a6 Nd7 16. Bxc6 bxc6 17. Nc4 Bg7 18. Kf2 0-0 19. Bd2 Bxf3 20. Qxf3 Rfc8 21. Rb1 Nb8 22. Rb7 Bf6 23. Bf4 Nxa6 24. Be5 Bh4+ 25. Kg2 f5 26. Qf4 1-0

[Event "Bad Woerishofen op 21st"]
[Site "Bad Woerishofen"]
[Date "2005.03.05"]
[Round "3"]
[White "Asmundsson, Ingvar"]
[Black "Gutman, Lev"]
[Result "0-1"]
[WhiteElo "2285"]
[BlackElo "2460"]
[PlyCount "64"]
[EventDate "2005.03.03"]
[EventType "swiss"]
[EventRounds "9"]
[EventCountry "GER"]
[SourceTitle "EXT 2006"]
[Source "ChessBase"]
[SourceDate "2005.11.24"]
[SourceVersion "1"]
[SourceVersionDate "2005.11.24"]
[SourceQuality "1"]

1. e4 c5 2. Nf3 d6 3. Bb5+ Nc6 4. 0-0 Bd7 5. Re1 a6 6. Bxc6 Bxc6 7. d4 cxd4 8. Nxd4 Nf6 9. Nxc6 bxc6 10. c4 g6 11. Nc3 Bg7 12. Be3 0-0 13. Qd2 a5 14. Rad1 a4 15. c5 Ng4 16. cxd6 Nxe3 17. dxe7 Qxe7 18. Qxe3 Qb4 19. e5 Qxb2 20. f4 Rfd8 21. Rxd8+ Rxd8 22. Re2 Qb4 23. Ne4 h6 24. h4 h5 25. Kh2 Qe7 26. Ng5 c5 27. Rd2 Rxd2 28. Qxd2 Bh6 29. Ne4 Qxh4+ 30. Kg1 Bxf4 31. g3 Bxg3 32. Nxg3 Qxg3+ 0-1

[Event "EU-ch Seniors 05th"]
[Site "Bad Homburg"]
[Date "2005.??.??"]
[Round "3"]
[White "Asmundsson, Ingvar"]
[Black "Blechzin, Igor"]
[Result "0-1"]
[WhiteElo "2288"]
[BlackElo "2511"]
[PlyCount "80"]
[EventDate "2005.06.25"]
[EventType "swiss"]
[EventRounds "9"]
[EventCountry "GER"]
[SourceTitle "EXT 2006"]
[Source "ChessBase"]
[SourceDate "2005.11.24"]
[SourceVersion "1"]
[SourceVersionDate "2005.11.24"]
[SourceQuality "1"]

1. e4 c5 2. Nf3 a6 3. c3 d5 4. exd5 Qxd5 5. d4 e6 6. Be2 Nf6 7. Be3 cxd4 8. cxd4 Nc6 9. Nc3 Qd6 10. 0-0 Be7 11. Nd2 0-0 12. Nc4 Qd8 13. d5 exd5 14. Nb6 d4 15. Nxa8 dxe3 16. fxe3 Bd6 17. Qb3 Qe7 18. Rxf6 Qxf6 19. Ne4 Bxh2+ 20. Kxh2 Qh4+ 21. Kg1 Qxe4 22. Bf3 Qg6 23. Nc7 Qg3 24. Nd5 Ne5 25. Rf1 Bg4 26. Be4 Be6 27. Bf3 b5 28. e4 Qg5 29. Qa3 g6 30. Be2 Kg7 31. Qxa6 b4 32. Nf4 Bg4 33. Bc4 Nf3+ 34. Rxf3 Bxf3 35. Qd6 Bg4 36. Qd4+ Kh6 37. e5 Re8 38. Nd3 Be2 39. Qf2 Bxd3 40. Bxd3 Rxe5 0-1

[Event "ISL-chT 0405"]
[Site "Reykjavik"]
[Date "2004.11.21"]
[Round "4"]
[White "Asmundsson, Ingvar"]
[Black "Vidarsson, Jon Gardar"]
[Result "1-0"]
[WhiteElo "2274"]
[BlackElo "2336"]
[PlyCount "107"]
[EventDate "2004.11.19"]
[EventType "team"]
[EventRounds "7"]
[EventCountry "ISL"]
[SourceTitle "EXT 2006"]
[Source "ChessBase"]
[SourceDate "2005.11.24"]
[SourceVersion "1"]
[SourceVersionDate "2005.11.24"]
[SourceQuality "1"]

1. e4 b6 2. d4 e6 3. Nf3 Bb7 4. Bd3 Nf6 5. Qe2 d5 6. e5 Ne4 7. Nbd2 Nxd2 8. Bxd2 c5 9. c3 Nc6 10. a3 a5 11. 0-0 Be7 12. Rab1 c4 13. Bc2 b5 14. Ra1 b4 15. axb4 axb4 16. cxb4 Qb6 17. Rxa8+ Bxa8 18. Bc3 Nxb4 19. Bb1 Bc6 20. Qd2 h6 21. Ne1 Bd7 22. f4 Nc6 23. Kh1 Bb4 24. Nf3 Kd8 25. Bc2 Kc7 26. Ra1 Be7 27. Qe1 Rb8 28. h3 Nb4 29. Bb1 Kb7 30. Qd2 Ra8 31. Rxa8 Kxa8 32. Kh2 Kb7 33. Ne1 Ba4 34. f5 exf5 35. Bxf5 Nc6 36. Nf3 Nd8 37. Qf2 Qc7 38. Kh1 Bd7 39. Bc2 Qb6 40. Qd2 Nc6 41. Qf4 Be6 42. h4 Qd8 43. h5 Qc8 44. Qg3 Bf8 45. Qf4 Nb4 46. Bxb4 Bxb4 47. Nh4 c3 48. bxc3 Qxc3 49. Bf5 Qe1+ 50. Kh2 Bd2 51. Qg4 Qf2 52. Nf3 Bg5 53. Bxe6 fxe6 54. Kh3 1-0

[Event "Wch Seniors 14th"]
[Site "Halle"]
[Date "2004.11.03"]
[Round "9"]
[White "Asmundsson, Ingvar"]
[Black "Ofstad, Per"]
[Result "1-0"]
[WhiteElo "2274"]
[BlackElo "2208"]
[PlyCount "89"]
[EventDate "2004.10.24"]
[EventType "swiss"]
[EventRounds "11"]
[EventCountry "GER"]
[SourceTitle "EXT 2005"]
[Source "ChessBase"]
[SourceDate "2004.11.15"]
[SourceVersion "1"]
[SourceVersionDate "2004.11.15"]
[SourceQuality "1"]

1. e4 c6 2. d4 d5 3. e5 Bf5 4. Be3 e6 5. Nd2 Nd7 6. f4 h5 7. Ngf3 Be7 8. c3 Qb6 9. b4 a5 10. a3 a4 11. Bf2 Qd8 12. c4 dxc4 13. Nxc4 Nh6 14. Be2 Ng4 15. Bg1 b5 16. Na5 Be4 17. h3 Nh6 18. Bf2 Nf5 19. 0-0 Rc8 20. Nd2 Bd5 21. Bxh5 Bh4 22. Bg4 Bxf2+ 23. Rxf2 Nxd4 24. Nb7 Qb6 25. Nd6+ Ke7 26. Nxc8+ Rxc8 27. Rc1 c5 28. Bf3 Qb7 29. bxc5 Nxf3+ 30. Nxf3 Rxc5 31. Rxc5 Nxc5 32. Qd4 Qb6 33. Ne1 Nd7 34. Nc2 Qxd4 35. Nxd4 b4 36. axb4 a3 37. Rf1 Nb6 38. Rc1 Bc4 39. Rc3 a2 40. Ra3 Nd5 41. Ra7+ Kd8 42. b5 Nb4 43. Nc6+ Nxc6 44. bxc6 Kc8 45. c7 1-0

[Event "Wch Seniors 14th"]
[Site "Halle"]
[Date "2004.10.30"]
[Round "7"]
[White "Asmundsson, Ingvar"]
[Black "Bogorad, Michail"]
[Result "1-0"]
[WhiteElo "2274"]
[BlackElo "2197"]
[PlyCount "85"]
[EventDate "2004.10.24"]
[EventType "swiss"]
[EventRounds "11"]
[EventCountry "GER"]
[SourceTitle "EXT 2005"]
[Source "ChessBase"]
[SourceDate "2004.11.15"]
[SourceVersion "1"]
[SourceVersionDate "2004.11.15"]
[SourceQuality "1"]

1. e4 c5 2. Nf3 g6 3. d4 Bg7 4. dxc5 Qa5+ 5. c3 Qxc5 6. Be3 Qc7 7. Bd4 e5 8. Be3 Nf6 9. Na3 Nxe4 10. Nb5 Qc6 11. Nxa7 Rxa7 12. Bxa7 Na6 13. Qb3 0-0 14. Rd1 Nac5 15. Qd5 Na4 16. Qb3 Nac5 17. Qb5 Na4 18. Be2 Qxb5 19. Bxb5 Naxc3 20. bxc3 Nxc3 21. a4 Nxd1 22. Kxd1 e4 23. Ng5 d5 24. h4 h6 25. Nh3 Bg4+ 26. Kd2 Be5 27. Ke3 Bf6 28. Nf4 Rd8 29. Bd4 Be7 30. Bb6 d4+ 31. Bxd4 g5 32. hxg5 Bxg5 33. g3 Bf3 34. Rc1 Be7 35. Bb6 Rf8 36. Rc7 Ba3 37. Nd5 Kg7 38. Bd4+ Kg6 39. Nf6 Kf5 40. Bd7+ Kg6 41. g4 Ra8 42. Nxe4 Bxe4 43. Kxe4 1-0

[Event "Wch Seniors 14th"]
[Site "Halle"]
[Date "2004.10.29"]
[Round "6"]
[White "Malich, Burkhard"]
[Black "Asmundsson, Ingvar"]
[Result "1-0"]
[WhiteElo "2360"]
[BlackElo "2274"]
[PlyCount "63"]
[EventDate "2004.10.24"]
[EventType "swiss"]
[EventRounds "11"]
[EventCountry "GER"]
[SourceTitle "EXT 2005"]
[Source "ChessBase"]
[SourceDate "2004.11.15"]
[SourceVersion "1"]
[SourceVersionDate "2004.11.15"]
[SourceQuality "1"]

1. d4 Nf6 2. Nf3 e6 3. c4 c5 4. e3 d5 5. Nc3 Nc6 6. cxd5 Nxd5 7. Bc4 cxd4 8. exd4 Be7 9. 0-0 Nxc3 10. bxc3 0-0 11. Qe2 b6 12. Rd1 Bb7 13. Bd3 Qd5 14. Rb1 Na5 15. Rb5 Qc6 16. d5 Qc8 17. dxe6 Bxf3 18. Qxf3 Qxe6 19. Rd5 Rad8 20. c4 Nc6 21. Bf5 Qf6 22. Qe4 g6 23. Bd7 Bc5 24. Bh6 Nb8 25. Bxf8 Qxf2+ 26. Kh1 Kxf8 27. Bb5 Rxd5 28. cxd5 Bd6 29. Rf1 Qxa2 30. Qe8+ Kg7 31. Rxf7+ Kh6 32. Qe3+ 1-0

[Event "Wch Seniors 14th"]
[Site "Halle"]
[Date "2004.10.25"]
[Round "2"]
[White "Podolnyy, Jakiv"]
[Black "Asmundsson, Ingvar"]
[Result "0-1"]
[WhiteElo "2043"]
[BlackElo "2274"]
[PlyCount "92"]
[EventDate "2004.10.24"]
[EventType "swiss"]
[EventRounds "11"]
[EventCountry "GER"]
[SourceTitle "EXT 2005"]
[Source "ChessBase"]
[SourceDate "2004.11.15"]
[SourceVersion "1"]
[SourceVersionDate "2004.11.15"]
[SourceQuality "1"]

1. e4 c5 2. c3 d5 3. exd5 Qxd5 4. d4 cxd4 5. cxd4 Nc6 6. Nf3 e6 7. a3 Nf6 8. Nc3 Qd6 9. g3 Nd5 10. Ne4 Qc7 11. b4 a6 12. Bb2 f5 13. Nc5 Bd6 14. Bd3 0-0 15. 0-0 b6 16. Na4 Bd7 17. Rc1 Qb7 18. Re1 Rfe8 19. Nc3 Nxc3 20. Bxc3 Ne7 21. Ng5 Nd5 22. Qh5 Nf6 23. Qf7+ Kh8 24. Nxe6 Re7 25. Nc5 Rxe1+ 26. Rxe1 bxc5 27. dxc5 Rf8 28. Qa2 Bc7 29. Re7 Bd8 30. Rf7 Rxf7 31. Qxf7 Qd5 32. Qf8+ Qg8 33. Qd6 Qe8 34. Bxa6 Ne4 35. Qd4 Nxc3 36. Qxc3 Bf6 37. Qd3 Qe1+ 38. Kg2 Bc6+ 39. f3 Qe5 40. b5 Bd5 41. c6 Bd8 42. Bc8 g6 43. Qd2 Bb6 44. a4 Bxf3+ 45. Kf1 Ba5 46. Qxa5 Qe2+ 0-1

[Event "EU-ch Seniors 04th"]
[Site "Arvier"]
[Date "2004.09.16"]
[Round "7"]
[White "Asmundsson, Ingvar"]
[Black "Tseitlin, Mark D"]
[Result "0-1"]
[WhiteElo "2295"]
[BlackElo "2484"]
[PlyCount "94"]
[EventDate "2004.09.10"]
[EventType "swiss"]
[EventRounds "9"]
[EventCountry "ITA"]
[SourceTitle "CBM 102 Extra"]
[Source "ChessBase"]
[SourceDate "2004.11.03"]
[SourceVersion "1"]
[SourceVersionDate "2004.11.03"]
[SourceQuality "1"]

1. e4 c5 2. Nf3 Nc6 3. Bb5 e6 4. 0-0 Nge7 5. b3 Nd4 6. Be2 Nec6 7. c3 Nxe2+ 8. Qxe2 d5 9. exd5 Qxd5 10. d4 cxd4 11. cxd4 Bb4 12. a3 Bd6 13. Qd3 Qh5 14. Nc3 0-0 15. Ne2 Rd8 16. Bf4 e5 17. Ng3 Qg4 18. dxe5 Bxe5 19. Qxd8+ Nxd8 20. Bxe5 Nc6 21. Bc3 f6 22. Rfe1 Qg6 23. Ne4 Bg4 24. Nh4 Qh5 25. g3 Rf8 26. Ng2 Bf3 27. Nf4 Qf5 28. Nd2 Ne5 29. Bxe5 fxe5 30. Nxf3 exf4 31. Nh4 Qf7 32. b4 g5 33. Ng2 Qf5 34. Rad1 h6 35. gxf4 gxf4 36. f3 Qc2 37. Rd4 Qc3 38. Ree4 Qxf3 39. a4 Qb3 40. Nxf4 Qxa4 41. Kg2 Qc6 42. Kg3 Qc1 43. h4 a6 44. Ne2 Qf1 45. Nf4 Rf7 46. h5 Kh7 47. Rd5 Rxf4 0-1

[Event "EU-ch Seniors 04th"]
[Site "Arvier"]
[Date "2004.09.15"]
[Round "6"]
[White "Asmundsson, Ingvar"]
[Black "Sorokin, Valentin"]
[Result "1-0"]
[WhiteElo "2295"]
[BlackElo "2388"]
[PlyCount "121"]
[EventDate "2004.09.10"]
[EventType "swiss"]
[EventRounds "9"]
[EventCountry "ITA"]
[SourceTitle "CBM 102 Extra"]
[Source "ChessBase"]
[SourceDate "2004.11.03"]
[SourceVersion "1"]
[SourceVersionDate "2004.11.03"]
[SourceQuality "1"]

1. e4 c5 2. Nf3 d6 3. Bb5+ Bd7 4. Bxd7+ Qxd7 5. c4 g6 6. 0-0 Bg7 7. Nc3 Nc6 8. d3 Nf6 9. Rb1 0-0 10. Ng5 h6 11. Nh3 e6 12. Nf4 a6 13. a3 Nd4 14. Be3 b5 15. cxb5 axb5 16. Bxd4 cxd4 17. Na2 Rfc8 18. Nb4 Rc5 19. h3 Qc7 20. Ne2 Nd7 21. f4 Qd8 22. Qe1 Rcc8 23. Qf2 Qf6 24. Rbc1 Nc5 25. Rc2 Nb3 26. Nc1 Nc5 27. Ne2 Nb3 28. Nc1 Na5 29. Nca2 Rc5 30. Rfc1 Nb3 31. e5 Rxc2 32. Qxc2 Qxf4 33. Qxb3 Bxe5 34. Qd1 Qh2+ 35. Kf1 Bf4 36. Qf3 Bxc1 37. Qxa8+ Kg7 38. Nxc1 Qh1+ 39. Ke2 Qxc1 40. Qc6 Qxb2+ 41. Nc2 d5 42. Kd2 Kf6 43. Qc5 e5 44. Qd6+ Kf5 45. g4+ Kf4 46. Qf6+ Kg3 47. Qxe5+ Kxh3 48. Qxd4 Qxd4 49. Nxd4 Kxg4 50. Nxb5 h5 51. Ke2 Kg3 52. Kf1 h4 53. Kg1 f5 54. a4 f4 55. Nd4 h3 56. a5 h2+ 57. Kh1 g5 58. a6 g4 59. Ne2+ Kf3 60. Nxf4 Kxf4 61. a7 1-0

[Event "Andorra op 22nd"]
[Site "Andorra"]
[Date "2004.07.04"]
[Round "2"]
[White "Asmundsson, Ingvar"]
[Black "De la Riva Aguado, Oscar"]
[Result "0-1"]
[WhiteElo "2295"]
[BlackElo "2552"]
[PlyCount "104"]
[EventDate "2004.07.03"]
[EventType "swiss"]
[EventRounds "9"]
[EventCountry "AND"]
[SourceTitle "CBM 101 Extra"]
[Source "ChessBase"]
[SourceDate "2004.09.01"]
[SourceVersion "2"]
[SourceVersionDate "2004.09.01"]
[SourceQuality "1"]

1. b3 e5 2. Bb2 Nc6 3. e3 Nf6 4. Bb5 Bd6 5. Na3 e4 6. d4 exd3 7. Bxd3 Be5 8. Qc1 Qe7 9. Nc4 Bxb2 10. Qxb2 d5 11. Nd2 0-0 12. Ngf3 Bg4 13. h3 Bxf3 14. Nxf3 Rad8 15. 0-0 Rd6 16. c4 dxc4 17. Bxc4 Rfd8 18. Be2 Nb4 19. Rfd1 Nbd5 20. Bc4 c5 21. Rd2 Ne4 22. Rxd5 Rxd5 23. Bxd5 Rxd5 24. Qc2 h6 25. Rd1 Qd6 26. Rxd5 Qxd5 27. Ne1 b6 28. f3 Nd6 29. Qd3 Qe5 30. Nc2 g6 31. f4 Qe6 32. Na3 b5 33. Nxb5 Nxb5 34. Qxb5 Qxe3+ 35. Kh1 Qc1+ 36. Kh2 Qxf4+ 37. Kh1 Qe5 38. a4 Kg7 39. a5 Qe1+ 40. Kh2 Qb4 41. Qa6 Qb8+ 42. Kh1 h5 43. Kg1 Qxb3 44. Qxa7 Qe3+ 45. Kf1 Qd3+ 46. Ke1 c4 47. Qc5 c3 48. Qe5+ Kh7 49. Qf4 Qb1+ 50. Ke2 Kg8 51. a6 Qb5+ 52. Kd1 Qxa6 0-1

[Event "Merano Gold Cup 32nd"]
[Site "Merano"]
[Date "2004.04.29"]
[Round "7"]
[White "Asmundsson, Ingvar"]
[Black "Wempe, Juergen"]
[Result "0-1"]
[WhiteElo "2311"]
[BlackElo "2202"]
[PlyCount "88"]
[EventDate "2004.04.23"]
[EventType "swiss"]
[EventRounds "9"]
[EventCountry "ITA"]
[SourceTitle "EXT 2006"]
[Source "ChessBase"]
[SourceDate "2005.11.24"]
[SourceVersion "1"]
[SourceVersionDate "2005.11.24"]
[SourceQuality "1"]

1. e4 c5 2. Nf3 Nf6 3. e5 Nd5 4. c3 d6 5. d4 cxd4 6. Qxd4 e6 7. Na3 Nc6 8. Bb5 Bd7 9. Bxc6 Bxc6 10. Nc4 dxe5 11. Ncxe5 Qb6 12. Qxb6 axb6 13. 0-0 f6 14. Nxc6 bxc6 15. Nd4 e5 16. Nxc6 Kd7 17. Nb4 Bxb4 18. cxb4 Rhc8 19. Be3 Rc2 20. Rfd1 Ke6 21. Rac1 Rxc1 22. Rxc1 Rxa2 23. Kf1 Nxe3+ 24. fxe3 Rxb2 25. Rc6+ Kf5 26. Rxb6 Ke4 27. Rc6 Rxb4 28. Rc7 Kxe3 29. Rc3+ Kd2 30. Rc7 Rf4+ 31. Kg1 e4 32. Rxg7 e3 33. Rd7+ Ke2 34. g3 Rf1+ 35. Kg2 Rf2+ 36. Kg1 h5 37. Rd4 Ke1 38. Rd3 Ke2 39. Rd4 f5 40. Ra4 f4 41. gxf4 Kf3 42. f5 Rg2+ 43. Kh1 e2 44. Ra1 Kf2 0-1

[Event "Merano Gold Cup 32nd"]
[Site "Merano"]
[Date "2004.04.25"]
[Round "3"]
[White "Asmundsson, Ingvar"]
[Black "Muscolino, Attilio"]
[Result "1-0"]
[WhiteElo "2311"]
[BlackElo "2122"]
[PlyCount "45"]
[EventDate "2004.04.23"]
[EventType "swiss"]
[EventRounds "9"]
[EventCountry "ITA"]
[SourceTitle "EXT 2006"]
[Source "ChessBase"]
[SourceDate "2005.11.24"]
[SourceVersion "1"]
[SourceVersionDate "2005.11.24"]
[SourceQuality "1"]

1. e4 c5 2. Nf3 e6 3. c3 d5 4. e5 d4 5. Bd3 Nc6 6. 0-0 Nge7 7. Re1 Ng6 8. g3 Rb8 9. Qe2 a6 10. h4 b5 11. b3 Bd7 12. a4 Qb6 13. axb5 axb5 14. Na3 Na5 15. h5 Ne7 16. cxd4 cxd4 17. Rb1 Nd5 18. Nc2 Nb4 19. Nxb4 Bxb4 20. Bb2 Nxb3 21. Ba1 Nxa1 22. Rxb4 Qc5 23. Rbb1 1-0

[Event "ISL-ch"]
[Site "Reykjavik"]
[Date "2004.04.02"]
[Round "1.2"]
[White "Asmundsson, Ingvar"]
[Black "Thorfinnsson, Bragi"]
[Result "1/2-1/2"]
[WhiteElo "2311"]
[BlackElo "2380"]
[PlyCount "87"]
[EventDate "2004.04.01"]
[EventType "k.o."]
[EventRounds "4"]
[EventCountry "ISL"]
[SourceTitle "CBM 099 Extra"]
[Source "ChessBase"]
[SourceDate "2004.05.04"]
[SourceVersion "1"]
[SourceVersionDate "2004.05.04"]
[SourceQuality "1"]

1. e4 c5 2. Nc3 Nc6 3. f4 g6 4. Nf3 Bg7 5. Bb5 Nd4 6. Nxd4 cxd4 7. Ne2 e6 8. 0-0 Ne7 9. d3 0-0 10. Kh1 Qa5 11. a4 d5 12. Bd2 Qc7 13. a5 a6 14. Ba4 dxe4 15. dxe4 Rd8 16. Nc1 Bd7 17. Bb3 Bb5 18. Nd3 Bc4 19. Bxc4 Qxc4 20. Bb4 Rd7 21. Bxe7 Rxe7 22. e5 Rc7 23. Rf2 Rac8 24. Rd2 Qb5 25. b3 h5 26. Ra4 Bh6 27. Rxd4 Qxa5 28. c4 b5 29. c5 Qc3 30. Rd6 a5 31. g3 Bf8 32. h4 a4 33. bxa4 bxa4 34. Kh2 a3 35. Nf2 Qxc5 36. Ne4 Qa7 37. Rd8 Kg7 38. Nf6 Rxd8 39. Rxd8 Qf2+ 40. Kh3 Rc2 41. Qh1 Rc3 42. Ne4 Qf3 43. Qxf3 Rxf3 44. Ra8 1/2-1/2

[Event "EU-chT Seniors 06th"]
[Site "Dresden"]
[Date "2004.02.28"]
[Round "7.1"]
[White "Schmidt, Gerhard3333"]
[Black "Asmundsson, Ingvar"]
[Result "1-0"]
[WhiteElo "2222"]
[BlackElo "2311"]
[PlyCount "85"]
[EventDate "2004.02.22"]
[EventType "team-swiss"]
[EventRounds "7"]
[EventCountry "GER"]
[SourceTitle "CBM 099 Extra"]
[Source "ChessBase"]
[SourceDate "2004.05.04"]
[SourceVersion "1"]
[SourceVersionDate "2004.05.04"]
[SourceQuality "1"]
[WhiteTeam "Dresden SC"]
[BlackTeam "Island"]
[WhiteTeamCountry "GER"]
[BlackTeamCountry "ISL"]

1. d4 f5 2. Nf3 e6 3. g3 Nf6 4. Bg2 d5 5. 0-0 Bd6 6. c4 c6 7. b3 Qe7 8. a4 0-0 9. Ba3 Bxa3 10. Nxa3 Bd7 11. Ne5 Be8 12. Nc2 Nbd7 13. Nxd7 Nxd7 14. cxd5 exd5 15. e3 Nf6 16. Ne1 Bh5 17. Qc2 Ne4 18. Nd3 Kh8 19. b4 a5 20. Rab1 axb4 21. Rxb4 Nd6 22. Rfb1 Ra7 23. Ne5 Bf7 24. Qc5 b6 25. Rxb6 Be8 26. Nxc6 Bxc6 27. Rxc6 Ne4 28. Qxe7 Rxe7 29. Rb5 Rd7 30. a5 Kg8 31. a6 Kf7 32. Rb7 Rfd8 33. Rbc7 Rxc7 34. Rxc7+ Kf6 35. a7 h5 36. Rc6+ Ke7 37. Ra6 Ra8 38. Bf1 Nd6 39. Bd3 g5 40. Kg2 g4 41. Bc2 Nb5 42. Bxf5 Nc7 43. Rh6 1-0

[Event "EU-chT Seniors 06th"]
[Site "Dresden"]
[Date "2004.02.22"]
[Round "1.1"]
[White "Landgraf, Siegfried"]
[Black "Asmundsson, Ingvar"]
[Result "1-0"]
[WhiteElo "2125"]
[BlackElo "2311"]
[PlyCount "81"]
[EventDate "2004.02.22"]
[EventType "team-swiss"]
[EventRounds "7"]
[EventCountry "GER"]
[SourceTitle "CBM 099 Extra"]
[Source "ChessBase"]
[SourceDate "2004.05.04"]
[SourceVersion "1"]
[SourceVersionDate "2004.05.04"]
[SourceQuality "1"]
[WhiteTeam "Sachsen"]
[BlackTeam "Island"]
[WhiteTeamCountry "GER"]
[BlackTeamCountry "ISL"]

1. d4 d5 2. Nf3 Bg4 3. Ne5 Bf5 4. c4 f6 5. Nf3 dxc4 6. Nc3 Nd7 7. e4 Bg4 8. Bxc4 Nb6 9. Bb3 e5 10. Be3 Bd6 11. a4 Ne7 12. a5 Nd7 13. 0-0 a6 14. h3 exd4 15. Bxd4 Bh5 16. g4 Bg6 17. Nh4 c5 18. Be3 Qc7 19. Nd5 Nxd5 20. Bxd5 Ne5 21. Qa4+ Ke7 22. Rfd1 Rhc8 23. f4 Nc6 24. Nxg6+ hxg6 25. Bxc6 Qxc6 26. Qc4 Rh8 27. Kg2 f5 28. Rd5 Qb5 29. Qxb5 axb5 30. Bxc5 Bxc5 31. Rxc5 Rac8 32. Rxb5 fxg4 33. Rxb7+ Kf6 34. hxg4 Rc2+ 35. Kg3 Rch2 36. g5+ Ke6 37. Rb6+ Kf7 38. Rb7+ Ke6 39. Rg1 R8h3+ 40. Kg4 Re3 41. Rxg7 1-0

[Event "Wch Seniors 13th"]
[Site "Bad Zwischenahn"]
[Date "2003.11.25"]
[Round "7"]
[White "Asmundsson, Ingvar"]
[Black "Shabanov, Yuri"]
[Result "1/2-1/2"]
[WhiteElo "2321"]
[BlackElo "2422"]
[PlyCount "149"]
[EventDate "2003.11.16"]
[EventType "swiss"]
[EventRounds "11"]
[EventCountry "GER"]
[SourceTitle "CBM 097 Extra"]
[Source "ChessBase"]
[SourceDate "2004.01.13"]
[SourceVersion "1"]
[SourceVersionDate "2004.01.13"]
[SourceQuality "1"]

1. e4 d6 2. d4 Nf6 3. Bd3 e5 4. c3 Nc6 5. Nf3 Be7 6. h3 0-0 7. 0-0 Re8 8. Re1 Nd7 9. Be3 Bf6 10. Nbd2 Ne7 11. Bc4 Ng6 12. Qb3 Qe7 13. a4 h6 14. a5 a6 15. Qa2 Rf8 16. Rad1 Nb8 17. b4 Nd7 18. Nf1 Nh4 19. Nxh4 Bxh4 20. Nd2 Bg5 21. Nf3 Bxe3 22. Rxe3 Nb8 23. dxe5 dxe5 24. Rd5 Nc6 25. Rc5 Bd7 26. Bd5 Rad8 27. Bxc6 Bxc6 28. Rxe5 Rd1+ 29. Kh2 Qd6 30. g3 Rf1 31. Qc2 Ra1 32. Qd3 Qg6 33. Nd4 Rd8 34. Qe2 Ba4 35. Qb2 Rd1 36. Qa2 Bd7 37. Qe2 Ba4 38. Qa2 Bd7 39. Qc2 Ra1 40. Nf5 Bxf5 41. exf5 Qc6 42. Qe4 Qxe4 43. R5xe4 Rd2 44. Re8+ Kh7 45. Re2 Rxe2 46. Rxe2 Rc1 47. Re3 b6 48. Kg2 bxa5 49. bxa5 f6 50. g4 Ra1 51. Re6 Rxa5 52. Rc6 Ra1 53. h4 a5 54. f4 a4 55. g5 hxg5 56. fxg5 fxg5 57. hxg5 a3 58. Rxc7 a2 59. Ra7 Rc1 60. Rxa2 Rxc3 61. Ra7 Rc5 62. Rf7 Ra5 63. Kf3 Kg8 64. g6 Ra3+ 65. Kf4 Ra4+ 66. Kg5 Ra8 67. Rd7 Kf8 68. Kf4 Re8 69. Rc7 Re1 70. Rc5 Re8 71. Re5 Ra8 72. Re4 Ra1 73. Kg5 Rg1+ 74. Rg4 Ra1 75. Re4 1/2-1/2

[Event "Wch Seniors 13th"]
[Site "Bad Zwischenahn"]
[Date "2003.11.21"]
[Round "5"]
[White "Asmundsson, Ingvar"]
[Black "Chernikov, Oleg L"]
[Result "1-0"]
[WhiteElo "2321"]
[BlackElo "2453"]
[PlyCount "55"]
[EventDate "2003.11.16"]
[EventType "swiss"]
[EventRounds "11"]
[EventCountry "GER"]
[SourceTitle "CBM 097 Extra"]
[Source "ChessBase"]
[SourceDate "2004.01.13"]
[SourceVersion "1"]
[SourceVersionDate "2004.01.13"]
[SourceQuality "1"]

1. e4 c5 2. Nf3 g6 3. d4 cxd4 4. Qxd4 Nf6 5. e5 Nc6 6. Qa4 Nd5 7. Qe4 Ndb4 8. Bb5 Qa5 9. Nc3 d5 10. exd6 Bf5 11. Qe5 Nxc2+ 12. Ke2 0-0-0 13. Qxh8 Nxa1 14. Qxh7 Nc2 15. Rd1 Qb6 16. Qxf7 N2d4+ 17. Nxd4 Nxd4+ 18. Kf1 Be6 19. Qxg6 Rxd6 20. Be2 Bxa2 21. Qe8+ Rd8 22. Qh5 Bb3 23. Rxd4 Qxd4 24. Nb5 Qd5 25. Qh3+ Kb8 26. Qc3 e5 27. Qc7+ Ka8 28. Qa5 1-0